[Event "DEM U12/U12w 2008"]
[Site "Willingen GER"]
[Date "2008.05.16"]
[Round "9"]
[White "Blübaum, Matthias"]
[Black "Lampert, Jonas"]
[Result "1-0"]
[Termination "normal"]
[Board "1"]
[WhiteElo "1912"]
[BlackElo "1762"]
[WhiteClock "01:15:00"]
[BlackClock "01:16:00"]
[PlyCount "119"]
[WhiteFideId "24651516"]
[BlackFideId "1303759"]
[EventCountry "GER"]
[EventRounds "11"]
[EventType "swiss"]
[EventDate "2008.05.10"]

1. d4 Nf6 2. c4 g6 3. Nc3 Bg7 4. e4 d6 5. Nf3 O-O 6. Be2 c5 7. O-O cxd4 8. Nxd4
Nc6 9. Be3 Nxd4 10. Bxd4 Bd7 11. f3 Bc6 12. Nd5 Bxd5 13. exd5 Nd7 14. Bxg7 Kxg7
15. Qd4+ Kg8 16. Bd3 Qb6 17. Qxb6 Nxb6 18. Rfe1 Rfe8 19. Re2 Kf8 20. Rae1 Nd7
21. Bc2 Rac8 22. Ba4 Rc7 23. b4 e5 24. dxe6 Rxe6 25. Rxe6 fxe6 26. Bxd7 Rxd7
27. Rxe6 Kf7 28. Re4 a6 29. Rd4 Ke6 30. Re4+ Kf7 31. Kf2 d5 32. Rd4 Ke6 33.
Rxd5 Rxd5 34. cxd5+ Kxd5 35. f4 Kc4 36. a3 h5 37. h4 Kd5 38. Kf3 b6 39. g4 a5
40. bxa5 bxa5 41. gxh5 gxh5 42. a4 Kd4 43. f5 Ke5 44. f6 Kxf6 45. Kf4 Kg6 46.
Ke5 Kg7 47. Kf5 Kh6 48. Kf6 Kh7 49. Kg5 Kg7 50. Kxh5 Kh7 51. Kg5 Kg7 52. Kf5
Kh6 53. Ke5 Kh5 54. Kd5 Kxh4 55. Kc5 Kg5 56. Kb5 Kf6 57. Kxa5 Ke7 58. Kb6 Kd7
59. Kb7 Kd6 60. a5 1-0

[Event "DEM U12/U12w 2008"]
[Site "Willingen GER"]
[Date "2008.05.16"]
[Round "9"]
[White "Peil, Christoph"]
[Black "Osmanodja, Filiz"]
[Result "0-1"]
[Termination "normal"]
[Board "2"]
[WhiteElo "1680"]
[BlackElo "1984"]
[WhiteClock "01:24:00"]
[BlackClock "01:00:00"]
[PlyCount "114"]
[WhiteFideId "24651800"]
[BlackFideId "24633569"]
[EventCountry "GER"]
[EventRounds "11"]
[EventType "swiss"]
[EventDate "2008.05.10"]

1. d4 Nf6 2. Nf3 e6 3. c4 b6 4. g3 Ba6 5. Qc2 Bb7 6. Bg2 c5 7. O-O Nc6 8. Rd1
Nb4 9. Qb3 Be4 10. Na3 Be7 11. Bf4 O-O 12. Rac1 d5 13. Ne5 cxd4 14. cxd5 Bxd5
15. Bxd5 Nfxd5 16. Rxd4 Bc5 { [%clk 0:19.29] } 17. Rdd1 Qe7 { [%clk 0:17.50] }
18. Nc2 Nxf4 { [%clk 0:16.10] } 19. gxf4 Nd5 { [%clk 0:13.18] } 20. Qg3 Nf6 {
[%clk 0:10.26] } 21. Nd3 Bd6 { [%clk 0:09.12] } 22. Ne3 Rac8 { [%clk 0:08.08] }
23. Nc4 Bb8 { [%clk 0:07.45] } 24. Nce5 Qb7 { [%clk 0:06.22] } 25. h4 Qe4 {
[%clk 0:05.16] } 26. e3 Rfd8 { [%clk 0:03.41] } 27. Kh2 { [%clk 0:18.26] } Ne8
{ [%clk 0:03.34] } 28. h5 { [%clk 0:17.03] } Rxc1 { [%clk 0:02.50] } 29. Rxc1 {
[%clk 0:16.51] } f6 { [%clk 0:02.16] } 30. Rc4 { [%clk 0:14.28] } Qf5 { [%clk
0:02.15] } 31. Nc6 { [%clk 0:14.08] } Qxd3 { [%clk 0:02.14] } 32. Rc3 { [%clk
0:13.43] } Qd5 { [%clk 0:02.06] } 33. Nxd8 { [%clk 0:13.34] } Qxd8 { [%clk
0:02.05] } 34. h6 { [%clk 0:12.53] } g6 { [%clk 0:02.01] } 35. Qf3 { [%clk
0:12.36] } Qd7 { [%clk 0:01.40] } 36. Qe4 { [%clk 0:11.57] } Kf7 { [%clk
0:01.26] } 37. Rd3 { [%clk 0:11.04] } Qe7 { [%clk 0:01.25] } 38. Qc6 { [%clk
0:10.51] } Bd6 { [%clk 0:01.14] } 39. e4 { [%clk 0:10.24] } Bxf4+ { [%clk
0:01.11] } 40. Kg2 { [%clk 0:10.15] } Nd6 { [%clk 0:00.45] } 41. Qa8 Bxh6 42.
Rh3 Kg7 43. Rd3 Bf4 44. Qc6 h5 45. a4 Kh6 46. Rf3 Be5 47. Rd3 Bf4 48. Rf3 Kg5
49. a5 { [%clk 0:12.01] } Qb7 50. Qxb7 { [%clk 0:09.05] } Nxb7 51. axb6 { [%clk
0:08.54] } axb6 52. Rb3 { [%clk 0:08.45] } Bc7 53. Rc3 { [%clk 0:08.21] } Nc5
54. b4 { [%clk 0:07.54] } Be5 55. Rc4 { [%clk 0:07.16] } Nd3 56. Rc6 { [%clk
0:06.26] } b5 57. Rxe6 { [%clk 0:06.03] } Nf4+ 0-1

[Event "DEM U12/U12w 2008"]
[Site "Willingen GER"]
[Date "2008.05.16"]
[Round "9"]
[White "Niedermayer, Julian Andi"]
[Black "Bauer, Andreas"]
[Result "1/2-1/2"]
[Termination "normal"]
[Board "3"]
[WhiteElo "1739"]
[BlackElo "1986"]
[WhiteClock "01:16:00"]
[BlackClock "01:22:00"]
[PlyCount "140"]
[WhiteFideId "24600792"]
[BlackFideId "4625030"]
[EventCountry "GER"]
[EventRounds "11"]
[EventType "swiss"]
[EventDate "2008.05.10"]

1. Nf3 c5 2. c4 Nc6 3. Nc3 e5 4. g3 g6 5. Bg2 Bg7 6. d3 d6 7. Rb1 Nge7 8. O-O
O-O 9. a3 a5 10. Na2 f5 11. Qc2 Rb8 12. b4 axb4 13. axb4 b6 14. e3 Qc7 15. b5
Nd8 16. Nc3 Bb7 17. e4 fxe4 18. dxe4 Ne6 19. Nd5 Nxd5 20. exd5 Nd4 21. Qd3 Bc8
22. Nd2 Bh6 23. Ne4 Bxc1 24. Rbxc1 Bf5 25. Ra1 Ra8 26. Ra3 Qf7 27. f3 Bxe4 28.
fxe4 Qe7 29. Rxf8+ Qxf8 30. Ra6 Rb8 31. Ra1 Qe7 32. Ra6 Qf6 33. Qf1 Qg5 34. Qe1
{ [%clk 0:17.10] } h5 35. h3 { [%clk 0:15.58] } Qf6 36. Qf1 { [%clk 0:15.10] }
Qe7 37. Qe1 { [%clk 0:13.21] } Kg7 { [%clk 0:17.17] } 38. Qa1 { [%clk 0:12.21]
} Kh6 { [%clk 0:16.17] } 39. h4 { [%clk 0:10.59] } g5 { [%clk 0:14.20] } 40.
Ra7 { [%clk 0:10.04] } Rb7 { [%clk 0:12.50] } 41. hxg5+ { [%clk 0:08.46] } Kxg5
{ [%clk 0:08.35] } 42. Ra8 Kg6 43. Rg8+ Kh7 44. Qa8 Qf7 45. Rf8 Ne2+ 46. Kh2
Qg7 47. Rh8+ Qxh8 48. Qxb7+ Qg7 49. Qxg7+ Kxg7 50. Bf3 Nc3 51. Bxh5 Nxe4 52.
Kg2 Kf6 53. Be2 Ng5 54. g4 e4 55. Kf2 Ke5 56. Ke3 Nh3 57. Bd1 Nf4 58. Bc2 {
[%clk 0:18.54] } Ng2+ 59. Kf2 { [%clk 0:17.44] } Nf4 60. Ke3 { [%clk 0:16.31] }
Nd3 61. g5 { [%clk 0:15.07] } Kf5 62. g6 { [%clk 0:14.47] } Kxg6 63. Kxe4 {
[%clk 0:13.28] } Ne5 64. Bb3 { [%clk 0:12.46] } Kg5 65. Ba2 { [%clk 0:12.19] }
Ng4 66. Kf3 { [%clk 0:11.41] } Nh6 67. Bb1 { [%clk 0:11.12] } Nf5 68. Bd3 {
[%clk 0:10.43] } Nd4+ 69. Kg3 { [%clk 0:10.33] } Nb3 70. Bc2 { [%clk 0:10.19] }
Nd4 1/2-1/2

[Event "DEM U12/U12w 2008"]
[Site "Willingen GER"]
[Date "2008.05.16"]
[Round "9"]
[White "Möhn, Hans"]
[Black "Svane, Rasmus"]
[Result "1-0"]
[Termination "normal"]
[Board "4"]
[WhiteElo "1825"]
[BlackElo "1911"]
[WhiteClock "01:04:00"]
[BlackClock "01:17:00"]
[PlyCount "59"]
[WhiteFideId "24647837"]
[BlackFideId "4657101"]
[EventCountry "GER"]
[EventRounds "11"]
[EventType "swiss"]
[EventDate "2008.05.10"]

1. d4 Nf6 2. c4 c5 3. d5 e5 4. Nc3 d6 5. e4 Be7 6. Be2 O-O 7. Nf3 Nbd7 8. h3 a6
9. Be3 Rb8 10. a4 Ne8 11. Qc2 Kh8 12. g4 Ndf6 13. Nd2 Nc7 14. Bd3 Bd7 15. f4 b5
16. fxe5 dxe5 17. axb5 axb5 18. cxb5 Nxb5 19. Nxb5 Bxb5 20. Bxb5 Rxb5 21. Nc4
Bd6 22. O-O Qc7 23. Ra6 { [%clk 0:18.03] } Rd8 24. Rc6 { [%clk 0:16.24] } Qe7
25. Bg5 { [%clk 0:15.06] } h6 26. Bxf6 { [%clk 0:14.53] } gxf6 27. Rf5 { [%clk
0:13.38] } Kg7 { [%clk 0:13.48] } 28. Rh5 { [%clk 0:12.25] } Qa7 { [%clk
0:12.21] } 29. Qc1 { [%clk 0:11.21] } Kf8 { [%clk 0:10.59] } 30. Nxd6 1-0

[Event "DEM U12/U12w 2008"]
[Site "Willingen GER"]
[Date "2008.05.16"]
[Round "9"]
[White "Falter, Lennart"]
[Black "Lebeda, Timo"]
[Result "0-1"]
[Termination "normal"]
[Board "5"]
[WhiteElo "1587"]
[BlackElo "1889"]
[PlyCount "66"]
[WhiteFideId "24692077"]
[BlackFideId "4638565"]
[EventCountry "GER"]
[EventRounds "11"]
[EventType "swiss"]
[EventDate "2008.05.10"]

1. e4 c5 2. Nc3 e6 3. f4 d5 4. Bb5+ Bd7 5. Bxd7+ Qxd7 6. Nf3 dxe4 7. Nxe4 Nc6
8. O-O Be7 9. d3 Nf6 10. Be3 Nxe4 11. dxe4 Qc7 12. Qe1 Rd8 13. Qc3 O-O 14. f5
exf5 15. exf5 Bf6 16. Qxc5 Bxb2 17. Rab1 Bf6 18. g4 Be7 19. Qc4 Rd7 20. g5 Ne5
21. Qh4 Nxf3+ 22. Rxf3 Qxc2 23. Rbf1 Bc5 24. Bxc5 Qxc5+ 25. Kh1 Rd4 26. Qh5 Qd5
27. Kg1 Rd1 28. Rxd1 Qxd1+ 29. Kg2 Re8 30. g6 Re2+ 31. Kh3 fxg6 32. fxg6 Qd7+
33. Kh4 Rxh2+ 0-1

[Event "DEM U12/U12w 2008"]
[Site "Willingen GER"]
[Date "2008.05.16"]
[Round "9"]
[White "Kyas, Philipp"]
[Black "Rührmund, Daniel"]
[Result "1-0"]
[Termination "normal"]
[Board "6"]
[WhiteElo "1816"]
[BlackElo "1823"]
[PlyCount "83"]
[WhiteFideId "24670936"]
[BlackFideId "24674583"]
[EventCountry "GER"]
[EventRounds "11"]
[EventType "swiss"]
[EventDate "2008.05.10"]

1. d4 Nf6 2. c4 c5 3. d5 e6 4. Nc3 exd5 5. cxd5 d6 6. e4 g6 7. f4 Bg7 8. Bb5+
Nfd7 9. a4 a6 10. Bd3 Qh4+ 11. g3 Qe7 12. Nf3 O-O 13. O-O Nb6 14. a5 N6d7 15.
Re1 Re8 16. Be3 b5 17. axb6 Nxb6 18. e5 Bg4 19. Ne4 Nxd5 20. Nxd6 Nxe3 21. Rxe3
Rd8 22. Qe1 Ra7 23. Ng5 Be6 24. Nxe6 fxe6 25. Kh1 Rxd6 26. exd6 Qxd6 27. Bc4
Qc6+ 28. Re4 Re7 29. Rd1 Nd7 30. Kg1 Bd4+ 31. Rdxd4 cxd4 32. Rxe6 Qxc4 33. Rxe7
Nf6 34. Qe6+ Qxe6 35. Rxe6 Kf7 36. Rd6 Ke7 37. Rxd4 Nd7 38. Ra4 Nc5 39. Ra5 Nd3
40. Rxa6 Nxb2 41. Ra7+ Kf6 42. Rxh7 1-0

[Event "DEM U12/U12w 2008"]
[Site "Willingen GER"]
[Date "2008.05.16"]
[Round "9"]
[White "Azizi, Nassim"]
[Black "Xu, Xianliang"]
[Result "0-1"]
[Termination "normal"]
[Board "7"]
[WhiteElo "1643"]
[BlackElo "1801"]
[PlyCount "74"]
[WhiteFideId "4608119"]
[BlackFideId "4603230"]
[EventCountry "GER"]
[EventRounds "11"]
[EventType "swiss"]
[EventDate "2008.05.10"]

1. d4 d5 2. Nf3 Nf6 3. e3 Bf5 4. c4 e6 5. Qb3 Nc6 6. Bd2 Rb8 7. a3 Be7 8. Be2
O-O 9. O-O Qd7 10. Nc3 Na5 11. Qa2 dxc4 12. Ne5 Qd8 13. Nxc4 Nxc4 14. Bxc4 c5
15. dxc5 Bxc5 16. Rac1 Qe7 17. b4 Bb6 18. Rfd1 Rbc8 19. Na4 Bc7 20. Bc3 Ne4 21.
Bd4 Qh4 22. g3 Qh6 23. f3 Ng5 24. Qe2 Qh5 25. Rf1 Nh3+ 26. Kg2 Ng5 27. Kg1 Nh3+
28. Kh1 Qh6 29. Bb5 e5 30. Bc5 Bd6 31. Bxa7 e4 32. g4 exf3 33. Qxf3 Rxc1 34.
Rxc1 Be4 35. Qxe4 Nf2+ 36. Kg2 Nxe4 37. Kf3 37... Ng5+ { Rest nicht
nachvollziehbar} 0-1

[Event "DEM U12/U12w 2008"]
[Site "Willingen GER"]
[Date "2008.05.16"]
[Round "9"]
[White "Noe, Christopher"]
[Black "Carow, Johannes"]
[Result "1-0"]
[Termination "normal"]
[Board "8"]
[WhiteElo "1877"]
[BlackElo "1668"]
[PlyCount "61"]
[WhiteFideId "24692018"]
[BlackFideId "24692050"]
[EventCountry "GER"]
[EventRounds "11"]
[EventType "swiss"]
[EventDate "2008.05.10"]

1. e4 c5 2. c4 Nc6 3. g3 g6 4. Bg2 Bg7 5. Ne2 d6 6. h3 e6 7. Nbc3 Nge7 8. O-O
O-O 9. d3 Nd4 10. Rb1 Nec6 11. Kh2 Rb8 12. Nxd4 cxd4 13. Ne2 Qa5 14. a3 b5 15.
b4 Qb6 16. cxb5 Qxb5 17. a4 Qb6 18. b5 Na5 19. Bd2 Nb7 20. Qb3 Nc5 21. Qa3 e5
22. f4 f5 23. fxe5 Bxe5 24. Bh6 Re8 25. Nf4 Bxf4 26. Rxf4 fxe4 27. Bxe4 Nxe4
28. Rxe4 Rxe4 29. dxe4 Bb7 30. Qf3 d5 31. Rf1 1-0

[Event "DEM U12/U12w 2008"]
[Site "Willingen GER"]
[Date "2008.05.16"]
[Round "9"]
[White "Wagner, Dennis"]
[Black "Nöttling, Dominik"]
[Result "1-0"]
[Termination "normal"]
[Board "9"]
[WhiteElo "1943"]
[BlackElo "1728"]
[PlyCount "43"]
[WhiteFideId "24650684"]
[BlackFideId "24672807"]
[EventCountry "GER"]
[EventRounds "11"]
[EventType "swiss"]
[EventDate "2008.05.10"]

1. e4 c5 2. Nf3 Nc6 3. d4 cxd4 4. Nxd4 g6 5. c4 Nf6 6. Nc3 d6 7. Be2 Nxd4 8.
Qxd4 Bg7 9. O-O O-O 10. Qd1 Be6 11. Rb1 Rc8 12. b3 a6 13. Bd2 Nd7 14. Nd5 Nc5
15. f3 b5 16. Ba5 Qe8 17. cxb5 Bxd5 18. Qxd5 Qd7 19. bxa6 Nxa6 20. b4 Nc7 21.
Qb7 Rfd8 22. Rbc1 1-0

[Event "DEM U12/U12w 2008"]
[Site "Willingen GER"]
[Date "2008.05.16"]
[Round "9"]
[White "Schnorr, Christian"]
[Black "Takeuchi, Eiki"]
[Result "1-0"]
[Termination "normal"]
[Board "10"]
[WhiteElo "1650"]
[BlackElo "1778"]
[PlyCount "105"]
[BlackFideId "24663751"]
[EventCountry "GER"]
[EventRounds "11"]
[EventType "swiss"]
[EventDate "2008.05.10"]

1. e4 c5 2. Nf3 d6 3. d4 cxd4 4. Nxd4 Nf6 5. Nc3 Nc6 6. f3 e6 7. Be3 Be7 8. Qd2
a6 9. O-O-O Qc7 10. g4 b5 11. h4 Ne5 12. h5 Rb8 13. g5 Nfd7 14. Qg2 Nc5 15. f4
Nc4 16. Bxc4 bxc4 17. Rd2 Qb6 18. b3 Qa5 19. Nc6 Qa3+ 20. Kb1 Rb7 21. Rf2 Na4
22. Nxa4 Qxa4 23. Nxe7 Kxe7 24. Bc1 Qc6 25. Bb2 c3 26. Bc1 Rb4 27. Re2 Bb7 28.
Rhe1 Rc8 29. f5 exf5 30. exf5+ Kf8 31. Qxc6 Bxc6 32. Rh2 Re4 33. Rxe4 Bxe4 34.
f6 gxf6 35. gxf6 Rc5 36. Rh4 Bf5 37. Rd4 d5 38. Ba3 Be6 39. Bxc5+ Ke8 40. Bb4
Kd7 41. Bxc3 Kd6 42. Ra4 Kc5 43. Rxa6 Bg4 44. h6 Bf5 45. Ra7 Bg6 46. Ra8 Kd6
47. Rg8 Be4 48. a4 Kd7 49. a5 Ke6 50. a6 Kd6 51. Bd4 Kd7 52. a7 Kc7 53. a8=Q
1-0

[Event "DEM U12/U12w 2008"]
[Site "Willingen GER"]
[Date "2008.05.16"]
[Round "9"]
[White "Voggenreiter, Simon"]
[Black "Carmesin, Matthias"]
[Result "1/2-1/2"]
[Termination "normal"]
[Board "11"]
[WhiteElo "1746"]
[BlackElo "1641"]
[PlyCount "142"]
[WhiteFideId "24615501"]
[BlackFideId "4635965"]
[EventCountry "GER"]
[EventRounds "11"]
[EventType "swiss"]
[EventDate "2008.05.10"]

1. e4 c5 2. Nf3 d6 3. d4 cxd4 4. Nxd4 Nf6 5. Nc3 g6 6. Be3 Bg7 7. f3 O-O 8. Qd2
Nc6 9. g4 Be6 10. h4 Rc8 11. h5 Nxd4 12. Bxd4 Qa5 13. hxg6 fxg6 14. Qh2 Rf7 15.
Be2 Bh8 16. e5 dxe5 17. Qxe5 Qxe5 18. Bxe5 Nd5 19. Bxh8 Kxh8 20. Nxd5 Bxd5 21.
O-O-O e6 22. Rde1 Kg7 23. a3 Rcc7 24. Rh2 Rf4 25. Reh1 Kg8 26. Re1 Rcf7 27. c3
R4f6 28. c4 Rc7 29. Kb1 Bxf3 30. Bxf3 Rxf3 31. Rxe6 Rxc4 32. Re7 Rf7 33. Rxf7
Kxf7 34. Rxh7+ Kf6 35. Rxb7 a5 36. Rb5 Rxg4 37. Rxa5 Ke6 38. b4 Kd6 39. Kc2 Kc6
40. Kd2 Kb6 41. Ke3 Rc4 42. Kd3 Rf4 43. Kc3 Rg4 44. Rd5 Rg1 45. a4 Kc6 46. Rd3
g5 47. Kc4 g4 48. a5 g3 49. b5+ Kb7 50. Rc3 g2 51. Rc2 Ra1 52. Rxg2 Rxa5 53.
Kc5 Ra1 54. Rg7+ Kc8 55. Kb6 Rb1 56. Rg5 Rb2 57. Rc5+ Kb8 58. Rf5 Kc8 59. Kc6
Rc2+ 60. Kb6 Rb2 61. Rc5+ Kb8 62. Kc6 Rh2 63. b6 Rh8 64. Kb5 Kb7 65. Rc7+ Kb8
66. Ka6 Rg8 67. Rb7+ Ka8 68. Rc7 Kb8 69. Rc6 Rh8 70. b7 Rg8 71. Kb6 Rh8 1/2-1/2

[Event "DEM U12/U12w 2008"]
[Site "Willingen GER"]
[Date "2008.05.16"]
[Round "9"]
[White "Galkin, Wladislaw"]
[Black "Holle, Cedric"]
[Result "1-0"]
[Termination "normal"]
[Board "12"]
[WhiteElo "1969"]
[BlackElo "1455"]
[PlyCount "67"]
[WhiteFideId "4603192"]
[BlackFideId "24692158"]
[EventCountry "GER"]
[EventRounds "11"]
[EventType "swiss"]
[EventDate "2008.05.10"]

1. d4 Nf6 2. c4 e5 3. dxe5 Ng4 4. e4 Nxe5 5. f4 Nec6 6. Be3 Bb4+ 7. Nd2 d6 8.
Ngf3 Bg4 9. Be2 Nd7 10. O-O Nf6 11. Bd3 O-O 12. Qc2 Bxd2 13. Bxd2 Bxf3 14. gxf3
Nd4 15. Qc3 c5 16. Be3 Qb6 17. Bxd4 cxd4 18. Qc2 h6 19. Kh1 Nh5 20. Qd2 Kh8 21.
Rg1 Qc6 22. f5 Kh7 23. Rg4 Rg8 24. Rag1 Raf8 25. Rh4 g6 26. fxg6+ fxg6 27. Rxh5
Kg7 28. Qxh6+ Kf7 29. Qh7+ Ke6 30. Rxg6+ Rxg6 31. Qxg6+ Rf6 32. Qg8+ Rf7 33.
Rf5 Qe8 34. Qxe8+ 1-0

[Event "DEM U12/U12w 2008"]
[Site "Willingen GER"]
[Date "2008.05.16"]
[Round "9"]
[White "Golosnyak, Alexander"]
[Black "Abdelrazek, Ahmed"]
[Result "0-1"]
[Termination "normal"]
[Board "14"]
[WhiteElo "1479"]
[BlackElo "1673"]
[PlyCount "50"]
[WhiteFideId "24659703"]
[EventCountry "GER"]
[EventRounds "11"]
[EventType "swiss"]
[EventDate "2008.05.10"]

1. e4 e5 2. Nf3 Nc6 3. Bb5 a6 4. Ba4 Nf6 5. O-O Be7 6. Re1 b5 7. Bb3 O-O 8. d3
d5 9. exd5 Nxd5 10. Nxe5 Nxe5 11. Rxe5 Nf6 12. Qe2 Bd6 13. Rd5 Nxd5 14. Bxd5
Bxh2+ 15. Kxh2 Qxd5 16. Nc3 Qd6+ 17. Kg1 Bb7 18. Qg4 Rfe8 19. Bf4 Qf6 20. Bxc7
Rac8 21. Bf4 b4 22. Nd1 Re1+ 23. Kh2 h5 24. Qd7 Qxf4+ 25. g3 Rh1# 0-1

[Event "DEM U12/U12w 2008"]
[Site "Willingen GER"]
[Date "2008.05.16"]
[Round "9"]
[White "Gubela, Hans-Erich Constantin"]
[Black "Gibicar, Danijel"]
[Result "0-1"]
[Termination "normal"]
[Board "15"]
[WhiteElo "1460"]
[BlackElo "1662"]
[PlyCount "96"]
[WhiteFideId "24692140"]
[BlackFideId "24660256"]
[EventCountry "GER"]
[EventRounds "11"]
[EventType "swiss"]
[EventDate "2008.05.10"]

1. e4 e5 2. Nf3 Nf6 3. Nxe5 d6 4. Nf3 Nxe4 5. Nc3 Nxc3 6. dxc3 Be7 7. Bf4 O-O
8. Qd2 Nd7 9. Bc4 Nc5 10. O-O-O Bf6 11. h3 Be6 12. Bxe6 Nxe6 13. Be3 Qd7 14. g4
Qc6 15. Nd4 Nxd4 16. cxd4 Qd5 17. Kb1 Rfe8 18. g5 Be7 19. h4 f6 20. Rdg1 Qf7
21. Rg2 Qh5 22. Rhh2 d5 23. Rh1 fxg5 24. Rhg1 Qxh4 25. f3 Qh3 26. Bxg5 Qd7 27.
Bh6 Bf8 28. Qd3 Re7 29. b3 Rae8 30. Kb2 c6 31. Bg5 Re1 32. Qd2 Rxg1 33. Rxg1 g6
34. Bh6 Bxh6 35. Qxh6 Qe7 36. Qd2 Qf6 37. Qd3 Rf8 38. Rf1 Qf5 39. Qe2 Qf4 40.
c3 Kg7 41. Qe7+ Rf7 42. Qe2 Qf6 43. Rh1 Qxf3 44. Qh2 Qf2+ 45. Qxf2 Rxf2+ 46.
Ka3 h5 47. Kb4 Rxa2 48. c4 Kh6 0-1

[Event "DEM U12/U12w 2008"]
[Site "Willingen GER"]
[Date "2008.05.16"]
[Round "9"]
[White "Urban, Lars"]
[Black "Bonk, Andras"]
[Result "1/2-1/2"]
[Termination "normal"]
[Board "16"]
[WhiteElo "1857"]
[BlackElo "1473"]
[PlyCount "38"]
[WhiteFideId "4644034"]
[BlackFideId "24692123"]
[EventCountry "GER"]
[EventRounds "11"]
[EventType "swiss"]
[EventDate "2008.05.10"]

1. c4 e5 2. Nc3 Nf6 3. Nf3 Nc6 4. g3 Bc5 5. Bg2 O-O 6. O-O Re8 7. d3 h6 8. Rb1
d6 9. Na4 e4 10. dxe4 Nxe4 11. Nxc5 Nxc5 12. b4 Ne4 13. b5 Nc3 14. Qc2 Nxe2+
15. Kh1 Ncd4 16. Nxd4 Nxd4 17. Qc3 Ne2 18. Qc2 Nxc1 19. Rbxc1 Re5 1/2-1/2

[Event "DEM U12/U12w 2008"]
[Site "Willingen GER"]
[Date "2008.05.16"]
[Round "9"]
[White "Schreiber, Kevin"]
[Black "Kreyssig, Robert"]
[Result "1/2-1/2"]
[Termination "normal"]
[Board "17"]
[WhiteElo "1442"]
[BlackElo "1775"]
[PlyCount "51"]
[WhiteFideId "24655830"]
[BlackFideId "4662881"]
[EventCountry "GER"]
[EventRounds "11"]
[EventType "swiss"]
[EventDate "2008.05.10"]

1. d4 d5 2. Nf3 Nf6 3. Bf4 Bf5 4. e3 e6 5. c4 c6 6. Nc3 Nbd7 7. Qb3 Qc8 8. Rc1
Be7 9. Ne5 O-O 10. cxd5 cxd5 11. Be2 b6 12. O-O Qb7 13. Qa4 a6 14. Nxd7 Qxd7
15. Qxd7 Nxd7 16. Na4 b5 17. Nc3 Rfc8 18. Rfd1 Rc6 19. Nxd5 Rxc1 20. Nxe7+ Kf8
21. Rxc1 Kxe7 22. Bf3 Ra7 23. Rc7 Rxc7 24. Bxc7 Nf6 25. Bb7 Nd5 26. Bxd5
1/2-1/2

[Event "DEM U12/U12w 2008"]
[Site "Willingen GER"]
[Date "2008.05.16"]
[Round "9"]
[White "Müller, Nick"]
[Black "Berger, Nadja"]
[Result "1-0"]
[Termination "normal"]
[Board "18"]
[WhiteElo "1571"]
[BlackElo "1380"]
[PlyCount "61"]
[WhiteFideId "24692093"]
[BlackFideId "24692212"]
[EventCountry "GER"]
[EventRounds "11"]
[EventType "swiss"]
[EventDate "2008.05.10"]

1. e4 g6 2. d4 Bg7 3. Nf3 d6 4. Bc4 Nf6 5. Nc3 O-O 6. O-O c5 7. dxc5 dxc5 8.
Qe2 e6 9. Bf4 Qb6 10. Rab1 a6 11. Rfd1 Nc6 12. Bd6 Rd8 13. e5 Ne8 14. Ne4 Nxd6
15. Nxd6 Qc7 16. a4 Bxe5 17. Nxe5 Rxd6 18. Ng4 Kg7 19. Qe3 e5 20. Qh6+ Kg8 21.
Ne3 Nd4 22. Nd5 Qd7 23. Qe3 b5 24. Qxe5 Re6 25. Nf6+ Rxf6 26. Qxf6 bxc4 27. c3
Qc6 28. Qd8+ Kg7 29. cxd4 Bb7 30. Qg5 Re8 31. d5 1-0

[Event "DEM U12/U12w 2008"]
[Site "Willingen GER"]
[Date "2008.05.16"]
[Round "9"]
[White "Rahimi, Rozafa"]
[Black "Moritz, Aron"]
[Result "0-1"]
[Termination "normal"]
[Board "19"]
[WhiteElo "1297"]
[BlackElo "1984"]
[PlyCount "106"]
[WhiteFideId "24692280"]
[BlackFideId "24672319"]
[EventCountry "GER"]
[EventRounds "11"]
[EventType "swiss"]
[EventDate "2008.05.10"]

1. d4 d5 2. Bf4 e6 3. e3 Bd6 4. Bg3 Qe7 5. Nf3 Bxg3 6. hxg3 Qb4+ 7. Nbd2 Qxb2
8. Bd3 Nf6 9. Ng5 h6 10. Rb1 Qa3 11. Qf3 Qe7 12. Nh3 Nbd7 13. O-O O-O 14. e4
dxe4 15. Nxe4 c6 16. c3 Nxe4 17. Bxe4 Nf6 18. Bc2 c5 19. g4 cxd4 20. g5 hxg5
21. Nxg5 g6 22. cxd4 Kg7 23. g3 Rb8 24. Ne4 b6 25. Nxf6 Qxf6 26. Qxf6+ Kxf6 27.
Be4 Rd8 28. Rfd1 Bb7 29. f3 Bd5 30. a3 Rd7 31. Rd3 Rbd8 32. Rbd1 Bc4 33. R3d2
b5 34. Kf2 a6 35. Ke3 Rc7 36. Rc2 Rdc8 37. Rdc1 Ke7 38. d5 exd5 39. Bxd5 Kd6
40. Bxc4 Rxc4 41. Rxc4 Rxc4 42. Rxc4 bxc4 43. Kd4 c3 44. Kxc3 Kc5 45. Kd3 f5
46. Kc3 a5 47. Kd3 Kd5 48. a4 g5 49. f4 g4 50. Kc3 Ke4 51. Kc4 Kf3 52. Kb5 Kxg3
53. Kxa5 Kxf4 0-1

[Event "DEM U12/U12w 2008"]
[Site "Willingen GER"]
[Date "2008.05.16"]
[Round "9"]
[White "Eigemann, Frederik"]
[Black "Steimbach, Isabel"]
[Result "1-0"]
[Termination "normal"]
[Board "20"]
[WhiteElo "1685"]
[BlackElo "1448"]
[PlyCount "99"]
[WhiteFideId "24692034"]
[BlackFideId "24692174"]
[EventCountry "GER"]
[EventRounds "11"]
[EventType "swiss"]
[EventDate "2008.05.10"]

1. e4 e5 2. Nf3 Nc6 3. Nc3 Nf6 4. Bb5 Bb4 5. O-O O-O 6. d3 d6 7. h3 Re8 8. Bg5
Bxc3 9. bxc3 Qe7 10. Re1 a6 11. Ba4 b5 12. Bb3 Nd8 13. Qd2 Be6 14. Qe2 Bxb3 15.
cxb3 Ne6 16. Be3 c5 17. c4 bxc4 18. bxc4 Rab8 19. Rab1 Rb7 20. Ng5 Reb8 21. Qc2
h6 22. Nxe6 Qxe6 23. Rxb7 Rxb7 24. Rb1 Qc8 25. Kf1 Qb8 26. Rxb7 Qxb7 27. Ke2
Kf8 28. Kd1 Ke7 29. Qb3 Qxb3+ 30. axb3 Kd7 31. Kc2 Kc6 32. Kb2 Kb6 33. Ka3 a5
34. Ka4 Ka6 35. Bd2 Nd7 36. Bxa5 Nb6+ 37. Bxb6 Kxb6 38. b4 cxb4 39. Kxb4 h5 40.
h4 f6 41. g3 Kc6 42. Kb3 Kc5 43. Kc3 g6 44. Kd2 Kd4 45. Ke2 Kc3 46. Ke3 g5 47.
f3 Kc2 48. g4 gxh4 49. gxh5 h3 50. Kf2 1-0

[Event "DEM U12/U12w 2008"]
[Site "Willingen GER"]
[Date "2008.05.16"]
[Round "9"]
[White "Helle, Samuel"]
[Black "Große, Christian"]
[Result "0-1"]
[Termination "normal"]
[Board "21"]
[WhiteElo "1438"]
[BlackElo "1885"]
[PlyCount "62"]
[WhiteFideId "24692182"]
[BlackFideId "24646156"]
[EventCountry "GER"]
[EventRounds "11"]
[EventType "swiss"]
[EventDate "2008.05.10"]

1. d4 Nf6 2. c4 g6 3. Nc3 Bg7 4. e4 d6 5. Bd3 O-O 6. f3 Nbd7 7. Nge2 c5 8. d5
Ne5 9. Bf4 Nfd7 10. O-O Nxd3 11. Qxd3 Ne5 12. Bxe5 Bxe5 13. Rae1 Bd7 14. f4 Bg7
15. Ng3 a6 16. e5 b5 17. b3 Rb8 18. e6 bxc4 19. bxc4 fxe6 20. dxe6 Bc6 21. Nd5
Bxd5 22. cxd5 Qa5 23. Re2 Rb4 24. Qd2 Qb5 25. Qd1 Rbxf4 26. Rxf4 Rxf4 27. Re4
Rxe4 28. Nxe4 Qc4 29. Qf1 Bd4+ 30. Nf2 Qxa2 31. g3 Kg7 0-1